[Event "St Petersburg-ch (Women) 88th"]
[Site "St Petersburg"]
[Date "2020.09.28"]
[Round "7"]
[White "Karmanova, Olga Dm"]
[Black "Vorobieva, Varvara"]
[Result "1-0"]
[WhiteElo "1807"]
[BlackElo "1949"]
[PlyCount "65"]
[EventDate "2020.09.22"]
[EventType "swiss"]
[EventRounds "9"]
[EventCountry "RUS"]
[SourceTitle "EXT 2021"]
[Source "ChessBase"]
[SourceDate "2020.10.23"]
[SourceVersion "1"]
[SourceVersionDate "2020.10.23"]
[SourceQuality "1"]

1. Nf3 d5 2. g3 Nf6 3. Bg2 g6 4. 0-0 Bg7 5. d3 0-0 6. Nbd2 c6 7. e4 Bg4 8. Qe2 e6 9. h3 Bxf3 10. Nxf3 Re8 11. c3 a5 12. a4 Na6 13. e5 Nd7 14. d4 c5 15. Bg5 Qb6 16. Qd2 Rac8 17. Rfc1 Nab8 18. Bf1 Nc6 19. Bb5 Qc7 20. Nh2 Na7 21. Bxd7 Qxd7 22. Ng4 h5 23. Nf6+ Bxf6 24. Bxf6 Kh7 25. g4 Rh8 26. Kh2 Nc6 27. gxh5 Ne7 28. Rg1 g5 29. Rg4 Nf5 30. dxc5 Rxc5 31. Rag1 Rcc8 32. Qd3 Rce8 33. h4 1-0

[Event "Chigorin Memorial 27th"]
[Site "St Petersburg"]
[Date "2019.10.09"]
[Round "5"]
[White "Vorobieva, Varvara"]
[Black "Mochalin, Faddey"]
[Result "0-1"]
[WhiteElo "2015"]
[BlackElo "2173"]
[PlyCount "72"]
[EventDate "2019.10.05"]
[EventType "swiss"]
[EventRounds "9"]
[EventCountry "RUS"]
[SourceTitle "EXT 2020"]
[Source "ChessBase"]
[SourceDate "2019.10.17"]
[SourceVersion "1"]
[SourceVersionDate "2019.10.17"]
[SourceQuality "1"]

1. e4 e6 2. d4 d5 3. e5 c5 4. c3 Qb6 5. Nf3 Nc6 6. Be2 cxd4 7. cxd4 Nh6 8. Bd3 Bd7 9. Bc2 Nf5 10. Bxf5 exf5 11. 0-0 Be7 12. Nc3 Be6 13. a3 Rc8 14. Na4 Qd8 15. b4 0-0 16. Be3 b6 17. Qd2 h6 18. Nb2 Kh7 19. Ne1 f6 20. Nbd3 fxe5 21. Nxe5 Nxe5 22. dxe5 d4 23. Bxd4 Bc4 24. Nf3 Bxf1 25. Rxf1 Qd5 26. Qe2 Rfd8 27. h3 Rc4 28. Rd1 a5 29. Rd2 Qe6 30. bxa5 bxa5 31. Bb2 Re4 32. Qd1 Rb8 33. Qc2 Qc4 34. Kh2 Qxc2 35. Rxc2 Ra4 36. Nd4 Rxb2 0-1

[Event "RUS Cup U15 Girls final"]
[Site "Bryansk"]
[Date "2019.01.06"]
[Round "3"]
[White "Vorobieva, Varvara"]
[Black "Nasybullina, Dayana"]
[Result "1/2-1/2"]
[WhiteElo "1873"]
[BlackElo "1786"]
[PlyCount "70"]
[EventDate "2019.01.04"]
[EventType "tourn"]
[EventRounds "7"]
[EventCountry "RUS"]
[SourceTitle "CBM 189 Extra"]
[Source "ChessBase"]
[SourceDate "2019.06.03"]
[SourceVersion "1"]
[SourceVersionDate "2019.06.03"]
[SourceQuality "1"]

1. e4 c5 2. Nf3 e6 3. c3 d5 4. e5 Nc6 5. d4 cxd4 6. cxd4 Nge7 7. Na3 Nf5 8. Nc2 Be7 9. Be2 0-0 10. 0-0 Qb6 11. b3 Nb4 12. Nxb4 Bxb4 13. Be3 Bd7 14. g4 Nxe3 15. fxe3 Bb5 16. a4 Bxe2 17. Qxe2 Rac8 18. Rac1 Ba3 19. Rxc8 Rxc8 20. Qd3 Be7 21. e4 dxe4 22. Qxe4 Qxb3 23. Rb1 Qxa4 24. Qxb7 Qc6 25. Qxc6 Rxc6 26. Rb7 Bf8 27. Rxa7 h6 28. Ra2 Bb4 29. Kf2 Rc1 30. Ke3 Kh7 31. Ra7 Kg8 32. Ra8+ Kh7 33. Ra7 Kg8 34. Ra2 Kh7 35. Ra7 Kg8 1/2-1/2

[Event "RUS Cup U15 Girls final"]
[Site "Bryansk"]
[Date "2019.01.05"]
[Round "2"]
[White "Mironenko, Galina"]
[Black "Vorobieva, Varvara"]
[Result "1/2-1/2"]
[WhiteElo "1975"]
[BlackElo "1873"]
[PlyCount "95"]
[EventDate "2019.01.04"]
[EventType "tourn"]
[EventRounds "7"]
[EventCountry "RUS"]
[SourceTitle "CBM 189 Extra"]
[Source "ChessBase"]
[SourceDate "2019.06.03"]
[SourceVersion "1"]
[SourceVersionDate "2019.06.03"]
[SourceQuality "1"]

1. d4 d5 2. c4 c6 3. Nf3 Nf6 4. g3 Bg4 5. Bg2 e6 6. 0-0 Bd6 7. h3 Bh5 8. b3 Nbd7 9. Nbd2 0-0 10. Bb2 Bg6 11. Ne5 Bxe5 12. dxe5 Ne4 13. Nxe4 dxe4 14. Qd4 f5 15. exf6 Nxf6 16. Qe3 Qe7 17. Qg5 Rad8 18. h4 Bf5 19. Qe3 a6 20. Bxf6 Qxf6 21. Bxe4 Bxe4 22. Qxe4 Rd4 23. Qe3 Rfd8 24. Qc3 Qg6 25. Qa5 R8d7 26. Kh2 Qf6 27. Kg1 Qg6 28. Qe5 Rd8 29. Qc7 R4d7 30. Qb6 h6 31. Rfc1 Qe4 32. Re1 Qc2 33. Qe3 Qf5 34. Qb6 Qc2 35. Qa5 Qg6 36. Rec1 Qe4 37. Qe1 Rd2 38. Rd1 Qc2 39. Rxd2 Rxd2 40. e3 Re2 41. Qf1 Rd2 42. Qe1 Re2 43. Qf1 Rd2 44. Qg2 Qb2 45. Qf1 Rxf2 46. Qxf2 Qxa1+ 47. Kg2 Qd1 48. e4 1/2-1/2

[Event "Budapest Gyorgy Memorial 2nd"]
[Site "Budapest"]
[Date "2017.10.14"]
[Round "4.1"]
[White "Vorobieva, Varvara"]
[Black "Monduk, Ferenc"]
[Result "1/2-1/2"]
[WhiteElo "1618"]
[BlackElo "1741"]
[PlyCount "61"]
[EventDate "2017.10.12"]
[EventType "swiss"]
[EventRounds "7"]
[EventCountry "HUN"]
[SourceTitle "EXT 2019"]
[Source "ChessBase"]
[SourceDate "2018.10.10"]
[SourceVersion "1"]
[SourceVersionDate "2018.10.10"]
[SourceQuality "1"]

1. e4 e6 2. d4 d5 3. e5 c5 4. c3 Nc6 5. Nf3 Nh6 6. Bxh6 gxh6 7. Be2 cxd4 8. cxd4 Bg7 9. Nc3 0-0 10. Bb5 f6 11. Bxc6 bxc6 12. 0-0 Bd7 13. Qe2 Be8 14. exf6 Qxf6 15. Rfe1 Bf7 16. Ne5 Rac8 17. Rad1 Rc7 18. Na4 Qf5 19. Nc5 Bxe5 20. Qxe5 Qxe5 21. Rxe5 Re7 22. Rde1 Rfe8 23. h3 Rb8 24. b3 Rbe8 25. R1e3 Kh8 26. Kf1 Kg8 27. Ke2 Kf8 28. Rf3 Kg7 29. Rfe3 Kf8 30. Rf3 Kg7 31. Rfe3 1/2-1/2

[Event "Liptovsky Mikulas V4 U15 op"]
[Site "Liptovsky Mikulas"]
[Date "2017.06.25"]
[Round "9"]
[White "Oleksy, Krzysztof1111"]
[Black "Vorobieva, Varvara"]
[Result "0-1"]
[WhiteElo "1632"]
[BlackElo "1530"]
[PlyCount "112"]
[EventDate "2017.06.21"]
[EventType "swiss"]
[EventRounds "9"]
[EventCountry "SVK"]
[SourceTitle "CBM 179 Extra"]
[Source "ChessBase"]
[SourceDate "2017.08.23"]
[SourceVersion "1"]
[SourceVersionDate "2017.08.23"]
[SourceQuality "1"]

1. d4 d5 2. c4 e6 3. Nc3 Nf6 4. cxd5 exd5 5. Bg5 Nbd7 6. e3 Be7 7. Qc2 0-0 8. Bd3 c6 9. Nge2 Re8 10. 0-0 Nf8 11. Rae1 Ne4 12. Bxe7 Qxe7 13. f3 Nxc3 14. Nxc3 Be6 15. a3 Rac8 16. b4 a6 17. Na4 h6 18. Nc5 Qc7 19. Qc3 Nd7 20. Nxe6 Rxe6 21. e4 dxe4 22. fxe4 Rf6 23. e5 Rxf1+ 24. Rxf1 Nb6 25. Bf5 Nd5 26. Qf3 Re8 27. Kh1 Qe7 28. Be4 Rd8 29. Qf5 g6 30. Qh3 Kg7 31. Bc2 Nc7 32. Qe3 Nd5 33. Qd3 Qg5 34. g3 Ne3 35. Rf2 Nxc2 36. Rxc2 Qxe5 37. dxe5 Rxd3 38. a4 Rb3 39. Rc4 Rb2 40. Rf4 Re2 41. b5 axb5 42. axb5 cxb5 43. Rb4 Rxe5 44. Kg2 Kf6 45. Kf3 Ke6 46. Rd4 h5 47. h4 Rd5 48. Re4+ Kd6 49. Re8 b4 50. Rb8 Rb5 51. Rd8+ Kc5 52. Rc8+ Kd4 53. Rd8+ Kc3 54. Rc8+ Kb2 55. Ke2 b3 56. Rc7 Ka2 0-1

[Event "Liptovsky Mikulas V4 U15 op"]
[Site "Liptovsky Mikulas"]
[Date "2017.06.22"]
[Round "4"]
[White "Turcan, Richard"]
[Black "Vorobieva, Varvara"]
[Result "1-0"]
[WhiteElo "2106"]
[BlackElo "1530"]
[PlyCount "75"]
[EventDate "2017.06.21"]
[EventType "swiss"]
[EventRounds "9"]
[EventCountry "SVK"]
[SourceTitle "CBM 179 Extra"]
[Source "ChessBase"]
[SourceDate "2017.08.23"]
[SourceVersion "1"]
[SourceVersionDate "2017.08.23"]
[SourceQuality "1"]

1. d4 d5 2. c4 e6 3. Nc3 Nf6 4. cxd5 exd5 5. Bg5 Nbd7 6. e3 Be7 7. Bd3 0-0 8. Nge2 Re8 9. 0-0 c6 10. Qc2 Nf8 11. Rab1 Ne4 12. Bf4 Nf6 13. b4 a6 14. a4 b5 15. axb5 axb5 16. Qb2 Bd7 17. Ra1 Qb6 18. Ra3 Rxa3 19. Qxa3 Ng6 20. Bg3 Qb7 21. Ra1 Nh5 22. Nc1 Nxg3 23. hxg3 Bd6 24. Nb3 Nf8 25. Nc5 Bxc5 26. dxc5 g6 27. Ne2 Ne6 28. Qa7 Bc8 29. Qxb7 Bxb7 30. Ra7 Rb8 31. e4 dxe4 32. Bxe4 Kg7 33. f4 Nd8 34. Nd4 Kf6 35. Kf2 Kg7 36. g4 Kf6 37. g5+ Kg7 38. g4 1-0